Sports Quiz

Random Sports Quiz
Score 0/25 Timer 05:00
0 Plays Today
% Correct
didier drogba
97.3%
ashley cole
96.5%
joe cole
96.5%
petr cech
95.8%
john terry
94.6%
frank lampard
94.6%
nicolas anelka
89.2%
michael ballack
82.7%
michael essien
80.8%
florent malouda
80.4%
ricardo carvalho
78.5%
salomon kalou
74.6%
henrique hilario
72.3%
% Correct
mikel
69.2%
alex
68.8%
branislov ivanovic
68.1%
jose bosingwa
64.2%
deco
63.5%
paulo ferreira
60%
daniel sturridge
58.1%
ross turnbull
56.9%
yury zhirkov
53.1%
juliano belletti
39.2%
sam hutchinson
22.7%
nemanja matic
21.9%

You're not logged in!

Compare scores with friends on all Sporcle quizzes.
OR
Log In

Sporcle TV

Today on Sporcle TV


Watch our educational content, quiz creation guides, and fun videos on Sporcle TV.

Show Comments

Extras

Created Oct 7, 2009ReportNominate
Tags:2009-2010, Chelsea, Squad

Top Quizzes Today


Score Distribution

Paid Content

Your Account Isn't Verified!

In order to create a playlist on Sporcle, you need to verify the email address you used during registration. Go to your Sporcle Settings to finish the process.

Report this User

Report this user for behavior that violates our Community Guidelines.

Details: